000 00283nam a22001337a 4500
003 SGT
082 _a615.53
_bT04C
100 _aCHOUHAN JAHAN SINGH
245 _aTWACHAROGA CHIKITSHA
260 _aVARANASI
_bCHAUKHAMBA PUB
300 _a374
650 _aAYURVEDA
942 _2ddc
_cBK
999 _c16606
_d16606